Statistics for First 20 USA State Capitals Alphabetically

Click here to take the quiz!

General Stats

  • This quiz has been taken 27 times
  • The average score is 17 of 20

Answer Stats

Answer% Correct
Albany
95%
Austin
95%
Carson City
95%
Annapolis
90%
Concord
90%
Baton Rouge
90%
Boise
90%
Dover
90%
Denver
86%
Cheyenne
86%
Des Moines
86%
Bismark
86%
Atlanta
86%
Frankfort
81%
Columbus
81%
Augusta
81%
Boston
81%
Charleston
76%
Columbia
76%
Harrisburg
57%

Score Distribution

Percentile by Number Answered

Percent of People with Each Score

Your Score History

You have not taken this quiz